Bulharská etnológia v súčasnosti (alebo informácie zo študijného pobytu)

Bibliographic Details
Main Author: Beňušková, Zuzana, 1960- (Author)
Format: Article
Language:Slovak
ISSN:1335-1303
Subjects:

MARC

LEADER 00000nab a2200000 a 4500
001 vtls000785510
003 SK-MaSNL
005 20260304121813.0
008 250429c2001 xo 0 slo
015 |a SNBRB2002/03-08174 
035 |a CLN000137175 
035 |a urn:nbn:sk:snk-abndt 
035 |a (urnnbn)urn:nbn:sk:snk:ar-a039sm 
035 |a (uuid)7e22a628-adb1-4168-9328-56704411b3b6 
040 |a SNKBUCL  |b slo  |c SNKBUCL  |e AACR2 
041 0 |a slo 
044 |a xo  |c SK 
080 |a 39(497.2)  |2 1997 
100 1 |a Beňušková, Zuzana,  |d 1960-  |4 aut  |9 132377 
245 1 0 |a Bulharská etnológia v súčasnosti  |b (alebo informácie zo študijného pobytu)  |c Zuzana Beňušková 
504 |a Bibliogr. odkazy 
650 0 7 |a etnológia  |2 snkbucl  |9 715 
655 7 |a články z novín a časopisov  |2 snkbucl  |9 267496 
773 0 |t Slovenský národopis  |g Roč. 49, č. 3 (2001), s. 341-343  |x 1335-1303 
850 |a Slovenská národná knižnica 
852 |a Slovenská národná knižnica 
954 |a odborná, vedecká literatúra pôvodná (slovenská)  |2 lita 
958 |a article27 
958 |a BG 
958 |a NB 
958 |a OND 
958 |a EUIPO 
992 |a RBX 
999 |c 2887080  |d 2889010